La dirección participativa en centros educativos
Uloženo v:
| Hlavní autoři: | , |
|---|---|
| Médium: | Kniha |
| Jazyk: | španělština |
| Vydáno: |
Buenos Aires
Magisterio del Rio de la Plata
1995
|
| Edice: | Colección Magisterio, 1
|
| Témata: | |
| Tagy: |
Přidat tag
Žádné tagy, Buďte první, kdo vytvoří štítek k tomuto záznamu!
|
MARC
| LEADER | 00000nam a2200000 a 4500 | ||
|---|---|---|---|
| 001 | UCP0953 | ||
| 003 | CL-VaPUC | ||
| 008 | 990326e19950000AG |||||||||||||||||spa|d | ||
| 082 | 0 | 4 | |a 371.02 |b QUI |2 21 |
| 100 | 0 | |a Quintanilla Pardo, Ismael |e author |9 426648 | |
| 700 | 0 | |a Bonavía, Tomás |e author |9 426649 | |
| 245 | 1 | 3 | |a La dirección participativa en centros educativos |
| 300 | |a 46 p | ||
| 942 | |c BK | ||
| 945 | |d 19990326 00:00:00 |a rbrito | ||
| 260 | |a Buenos Aires |b Magisterio del Rio de la Plata |c 1995 | ||
| 650 | 0 | |a Administración de la enseñanza |9 261034 | |
| 650 | 0 | |a Gestión educacional |9 261035 | |
| 650 | 0 | |a Planificación de la educación |9 307333 | |
| 583 | |a last modification |c 20170427 01:19:25 |k Rodrigo Vera | ||
| 490 | 0 | |a Colección Magisterio, 1 | |
| 999 | |c 279682 |d 279680 | ||
| 952 | |0 0 |1 0 |4 0 |6 371_020000000000000_QUI_1995 |7 0 |8 A |9 319348 |a BIBEDU |b BIBEDU |d 2019-11-20 |i 3480046 |o 371.02 QUI 1995 |p 3480046 |r 2019-11-20 |w 2019-11-20 |y BK |k EPE | ||